| 000 | 00791nam a22002297a 4500 | ||
|---|---|---|---|
| 003 | 0 | ||
| 005 | 20250909141753.0 | ||
| 008 | 250909b xxu||||| |||| 00| 0 eng d | ||
| 020 | _a979-8-89365-076-1 | ||
| 050 |
_aTD 170 _b.B35 2025 |
||
| 100 |
_aBaldwin, Vivian, _eauthor. |
||
| 245 |
_aEnvironmental protection and management : _bprinciples and practice / _cVivian Baldwin. |
||
| 260 |
_aNew York, NY : _bMurphy & Moore Publishing, _c2025. |
||
| 300 |
_aviii, 233 pages : _bcolored illustrations ; _c26 cm. |
||
| 504 | _aIncludes bibliographical references and index. | ||
| 650 | _aEnvironmental protection. | ||
| 650 | _aEnvironmental management. | ||
| 650 | _aEnvironmental quality. | ||
| 650 | _aEnvironmental engineering. | ||
| 650 | _aEnvironmental sciences. | ||
| 942 |
_2lcc _cBK |
||
| 999 |
_c367838 _d367838 |
||